Marketingové determinanty súčasných trendov v ponuke cestovného ruchu Chorvátska
Inovácie marketingovej stratégie ako nevyhnutný krok k ďalšiemu rozvoju cestovného ruchu v Chorvátsku. Trendy kvality v cestovnom ruchu. Konkurencieschopnosť cestovného ruchu Chorvátska. Analýza SWOT CR Chorvátska. Inová cia marketingovej stratégie. Etablovanie sa cestovného ruchu Chorvátska v systé...
Gespeichert in:
| 1. Verfasser: | |
|---|---|
| Format: | Buchkapitel |
| Sprache: | Slowakisch |
| Schlagworte: | |
| Tags: |
Keine Tags, Fügen Sie das erste Tag hinzu!
|
MARC
| LEADER | 00000naa a2200000 4500 | ||
|---|---|---|---|
| 001 | r040605 | ||
| 005 | 20230724105559.2 | ||
| 041 | 0 | |a slo | |
| 044 | |a SK | ||
| 245 | 1 | 0 | |a Marketingové determinanty súčasných trendov v ponuke cestovného ruchu Chorvátska |c Christian Stipanovič |
| 520 | |a Inovácie marketingovej stratégie ako nevyhnutný krok k ďalšiemu rozvoju cestovného ruchu v Chorvátsku. Trendy kvality v cestovnom ruchu. Konkurencieschopnosť cestovného ruchu Chorvátska. Analýza SWOT CR Chorvátska. Inová cia marketingovej stratégie. Etablovanie sa cestovného ruchu Chorvátska v systéme nových trhových hodnôt. Optimálne procesy implementácie marketingovej stratégie. | ||
| 610 | 2 | 0 | |a ruch cestovný |
| 610 | 2 | 0 | |a Chorvátsko |
| 610 | 2 | 0 | |a stratégia marketingová |
| 610 | 2 | 0 | |a inovácia |
| 610 | 2 | 0 | |a kvalita |
| 610 | 2 | 0 | |a konkurencieschopnosť |
| 610 | 2 | 0 | |a analýza swot |
| 100 | 1 | |a Stipanovič, Christian | |